000 00696nam a2200193Ii 4500
003 JO-AjNU
008 230605s9999||||xx |||||||||||||| ||und||
040 _aJO-AjNU
_bara
_erda
_cJO-AjNU
041 _aara
050 1 4 _aPJ6106.S5238 2011
100 3 _aالشيخ،حمدي,
_eauthor
_933846
245 0 0 _aالوافي في تيسير البلاغة (البديع-البيان-المعاني)
264 3 1 _aالاسكندرية: المكتب الجامعي الحديث،2011
300 _a185ص
336 _atext
_btxt
_2rdacontent
337 _aunmediated
_bn
_2rdamedia
338 _avolume
_bnc
_2rdacarrier
650 4 _aالبلاغة -الوافي في تيسير البلاغة
_933847
999 _aA13817
_c17385
_d17385